| 000 | 00514nam a2200145 a 4500 | ||
|---|---|---|---|
| 008 | 120416s1980 ||||||||||||||||| || u | ||
| 050 | _aQE 28 Ath | ||
| 100 | _aAtherton, Michael | ||
| 245 | 1 | 0 | _aStudy the earth: water at work |
| 260 |
_aLondon _bHodder and Stoughton _c1980 |
||
| 300 | _a64p. : ill | ||
| 350 | _a0.00 | ||
| 650 | _aGEOLOGY--STUDY AND TEACHING | ||
| 995 |
_D0.00 _FCBU-MAIN LIBRARY (Kitwe) _H1 _I1.95 _UAVAILABLE _ZAnnex Low-Usage Collection |
||
| 999 |
_c59001 _d59001 |
||